000 01063nam a2200265 4500
001 122421
003 ES-MaACL
005 20250915203443.0
007 t|
008 070214s1973 sp r ||||1| spa d
245 0 3 _aLa Primera Internacional
_b: colección de documentos /
_cdirigida por Jacques Freymond ; traducción de M. Pecellin Lancharro.
260 _aBilbao :
_bZero,
_c1973.
300 _a2 v. ;
_c20 cm.
505 8 _aContiene: v. I: Congreso de Ginebra, 1866 ; Congreso de Lausana, 1867 ; Congreso de Bruselas, 1868 --- v. II: Congreso de Basilea, 1869 ; Conferencia de Londres, 1871 ; Congreso de La Haya, 1872
700 1 _aFreymond, Jacques.
_952566
700 1 _aPecellín Lancharro, Manuel,
_d1944-
_989834
740 0 _aCongreso de Ginebra, 1866.
740 0 _aCongreso de Lausana, 1867.
740 0 _aCongreso de Bruselas, 1868.
740 0 _aCongreso de Basilea, 1869.
740 0 _aConferencia de Londres, 1871.
740 0 _aCongreso de La Haya, 1872.
852 _aES-MaACL
_jC-55676-7
_bR.86815
999 _c122421
_d122421